[Event "44th Pan-American U20"]
[Site "Cochabamba BOL"]
[Date "2019.08.03"]
[Round "4.24"]
[White "Montevilla C., Elias Alejandro"]
[Black "Zambrana Estrada, Breyner Andre"]
[Result "0-1"]
[WhiteElo "1326"]
[BlackElo "1426"]
[EventDate "2019.08.01"]
[PlyCount "46"]

1.e4 c5 2.Nc3 e6 3.d3 d5 4.Bf4 Nc6 5.exd5 exd5 6.Nb5 Qa5+ 7.Nc3 d4 8.Qe2+ 
Be7 9.Bd2 dxc3 10.Bxc3 Qd8 11.Bxg7 Nd4 12.Qd2 Bf6 13.Bxh8 Bxh8 14.c3 Qe7+ 
15.Ne2 Nxe2 16.Bxe2 Be6 17.O-O O-O-O 18.b4 cxb4 19.Qe3 Kb8 20.d4 bxc3 21.
Qxc3 Bxd4 22.Qg3+ Qc7 23.Qxc7+ Kxc7 0-1

[Event "44th Pan-American U20"]
[Site "Cochabamba BOL"]
[Date "2019.08.03"]
[Round "4.25"]
[White "Bracamonte, Humberto"]
[Black "Villazon Zeballos, Manuel"]
[Result "0-1"]
[WhiteElo "1516"]
[BlackElo "1378"]
[EventDate "2019.08.01"]
[PlyCount "90"]

1.e4 c5 2.Nc3 g6 3.g3 Bg7 4.Bg2 Nc6 5.d3 e6 6.Nge2 Nge7 7.O-O O-O 8.Be3 b6
9.Qd2 d5 10.exd5 Nxd5 11.Nxd5 exd5 12.c4 Ne7 13.Bg5 f6 14.Bh6 Bb7 15.Bxg7 
Kxg7 16.Nf4 Qd7 17.Rfe1 Rfe8 18.Bh3 f5 19.Ne6+ Kh8 20.Qf4 Nc6 21.cxd5 Nb4 
22.Nc7 Nxd5 23.Nxd5 Qxd5 24.f3 Qxf3 25.Qxf3 Bxf3 26.Kf2 Bb7 27.Bg2 Bxg2 
28.Kxg2 Kg7 29.Rad1 Rad8 30.Kf3 Rxe1 31.Rxe1 Rxd3+ 32.Ke2 Rd4 33.Kf3 Kf7 
34.Re2 Rd3+ 35.Kf4 h6 36.h4 Rd4+ 37.Kf3 Kf6 38.a3 Re4 39.Rxe4 fxe4+ 40.
Kxe4 Ke6 41.g4 a6 42.b3 b5 43.g5 hxg5 44.hxg5 a5 45.Kd3 Kf5 0-1

[Event "44th Pan-American U20"]
[Site "Cochabamba BOL"]
[Date "2019.08.03"]
[Round "5.1"]
[White "Coro, Lucas"]
[Black "Wang, Annie"]
[Result "1/2-1/2"]
[WhiteElo "2320"]
[BlackElo "2321"]
[EventDate "2019.08.01"]
[PlyCount "64"]

1.e4 e6 2.d4 d5 3.Nd2 c5 4.exd5 Qxd5 5.Ngf3 cxd4 6.Bc4 Qd7 7.O-O Nc6 8.Nb3
Nf6 9.Nbxd4 Nxd4 10.Nxd4 a6 11.Re1 Bc5 12.c3 b5 13.Bb3 O-O 14.Bg5 Bxd4 15.
cxd4 Nd5 16.Qd3 Bb7 17.Qg3 Kh8 18.Rad1 Rac8 19.Qh4 f6 20.Bd2 Qf7 21.Qg4 
Rfe8 22.Re2 Re7 23.Rde1 Rce8 24.Bc2 f5 25.Qg3 h6 26.Bb3 Qf6 27.Re5 Rd8 28.
a3 Kh7 29.h3 Kh8 30.Kh2 Rc8 31.Qd3 Ree8 32.Qg3 Red8 1/2-1/2

[Event "44th Pan-American U20"]
[Site "Cochabamba BOL"]
[Date "2019.08.03"]
[Round "5.2"]
[White "Huang, Andy"]
[Black "Cardoso Cardoso, Jose Gabriel"]
[Result "1/2-1/2"]
[WhiteElo "2263"]
[BlackElo "2373"]
[EventDate "2019.08.01"]
[PlyCount "71"]

1.e4 c5 2.Nf3 d6 3.Bb5+ Nd7 4.Ba4 Nf6 5.O-O e6 6.Re1 a6 7.c4 Be7 8.Nc3 O-O
9.d4 cxd4 10.Qxd4 Qc7 11.Bxd7 Nxd7 12.Bg5 Bxg5 13.Nxg5 Ne5 14.b3 h6 15.Nf3
Nxf3+ 16.gxf3 e5 17.Nd5 Qd8 18.Qb6 Be6 19.Qxd8 Raxd8 20.Rad1 f5 21.exf5 
Bxd5 22.Rxd5 Rxf5 23.c5 Rxf3 24.cxd6 Rf6 25.Rexe5 Rdxd6 26.Rxd6 Rxd6 27.
Re7 b5 28.Ra7 Kh7 29.Kg2 Kg6 30.Kf3 Re6 31.Kf4 Kf6 32.h4 g6 33.f3 Rc6 34.
Rh7 Rc2 35.a4 Rh2 36.Rb7 1/2-1/2

[Event "44th Pan-American U20"]
[Site "Cochabamba BOL"]
[Date "2019.08.03"]
[Round "5.3"]
[White "Varacalli, Francisco"]
[Black "Santiago Vilca, Christian Amilca"]
[Result "1-0"]
[WhiteElo "2306"]
[BlackElo "2256"]
[EventDate "2019.08.01"]
[PlyCount "68"]

1.e4 c5 2.Nf3 e6 3.d4 cxd4 4.Nxd4 a6 5.Bd3 Nf6 6.O-O Qc7 7.Nc3 Nc6 8.Nb3 
b5 9.f4 d6 10.Kh1 Bb7 11.Bd2 Be7 12.Qf3 O-O 13.Rae1 Rad8 14.Qh3 b4 15.Nd1 
Bc8 16.g4 e5 17.f5 d5 18.exd5 e4 19.g5 exd3 20.gxf6 Bxf6 21.dxc6 Qxc6+ 22.
Qg2 Qb5 23.Nf2 dxc2 24.Ne4 Bxb2 25.Bg5 Rd1 26.Rxd1 cxd1=Q 27.Rxd1 Bxf5 28.
Nd6 Qe5 29.Bh4 Bg6 30.Bg3 Qh5 31.Rd5 Qg4 32.h3 Qe6 33.Nc5 Qf6 34.Nd7 Qc3 
1-0

[Event "44th Pan-American U20"]
[Site "Cochabamba BOL"]
[Date "2019.08.03"]
[Round "5.4"]
[White "Zhang, Derek"]
[Black "Asaria, Danial"]
[Result "0-1"]
[WhiteElo "2147"]
[BlackElo "2305"]
[EventDate "2019.08.01"]
[PlyCount "56"]

1.Nf3 c5 2.c4 Nc6 3.e3 e5 4.Nc3 Nf6 5.d4 e4 6.Ne5 h5 7.f3 cxd4 8.exd4 Bb4 
9.fxe4 Nxe5 10.dxe5 Nxe4 11.Qd4 Qa5 12.Bd2 Nxd2 13.Kxd2 O-O 14.Bd3 d6 15.
exd6 Rd8 16.Kc2 Rxd6 17.Qe3 Bf5 18.Nd5 Rxd5 19.cxd5 Rc8+ 20.Kb1 Qxd5 21.
Rd1 Rd8 22.a3 Bc5 23.Bxf5 Qxf5+ 24.Ka2 Bxe3 25.Rxd8+ Kh7 26.Re1 Qf2 27.
Red1 Qxg2 28.R8d7 f5 0-1

[Event "44th Pan-American U20"]
[Site "Cochabamba BOL"]
[Date "2019.08.03"]
[Round "5.5"]
[White "Lu, Maximillian"]
[Black "Johnson, Joshua"]
[Result "1-0"]
[WhiteElo "2283"]
[BlackElo "2241"]
[EventDate "2019.08.01"]
[PlyCount "58"]

1.Nf3 Nf6 2.c4 e6 3.g3 d5 4.Bg2 Be7 5.d4 O-O 6.Qc2 c6 7.O-O Ne4 8.b3 f5 9.
Bb2 Nd7 10.Ne1 Nd6 11.Nd3 g5 12.Nd2 Qe8 13.Rae1 Qh5 14.f3 f4 15.e4 fxe3 
16.Rxe3 Rf6 17.Rfe1 Nf8 18.R3e2 Qg6 19.Nf1 Qg7 20.Ne3 Ng6 21.Ng4 Rf8 22.
Nc5 e5 23.Nxe5 Nxe5 24.Rxe5 Bf6 25.cxd5 Bf5 26.Qd2 Bxe5 27.dxe5 Rfe8 28.
exd6 Rxe1+ 29.Kf2 Rd8 1-0

[Event "44th Pan-American U20"]
[Site "Cochabamba BOL"]
[Date "2019.08.03"]
[Round "5.6"]
[White "Bolanos, Fernando"]
[Black "Munoz, Francisco Javier"]
[Result "0-1"]
[WhiteElo "2247"]
[BlackElo "2282"]
[EventDate "2019.08.01"]
[PlyCount "70"]

1.e4 d5 2.exd5 Qxd5 3.Nc3 Qa5 4.g3 Nf6 5.Bg2 g6 6.d3 Bg7 7.Ne2 O-O 8.O-O 
Qh5 9.Nf4 Qxd1 10.Rxd1 c6 11.Re1 Re8 12.a4 e5 13.Nfe2 Na6 14.Bd2 Nb4 15.
Rac1 a5 16.Nd1 Nfd5 17.Ne3 Nb6 18.Nc3 f5 19.b3 Be6 20.Nb1 Bf8 21.Re2 Bc5 
22.Rce1 Bf7 23.Bc3 Bd4 24.Nd1 Bxc3 25.Ndxc3 Nd7 26.Na3 Kg7 27.Nab1 g5 28.
Nd2 Kf6 29.g4 e4 30.dxe4 fxg4 31.e5+ Rxe5 32.Rxe5 Nxe5 33.Nce4+ Kg6 34.
Nxg5 Re8 35.Nxf7 Nf3+ 0-1

[Event "44th Pan-American U20"]
[Site "Cochabamba BOL"]
[Date "2019.08.03"]
[Round "5.7"]
[White "Vivas Zamora, Fabian Ernesto"]
[Black "Castellanos Villela, Alejandro"]
[Result "1-0"]
[WhiteElo "2348"]
[BlackElo "1985"]
[EventDate "2019.08.01"]
[PlyCount "91"]

1.e4 c5 2.Nc3 Nc6 3.Bb5 Nd4 4.Nf3 a6 5.Bc4 b5 6.Bd5 Rb8 7.Nxd4 cxd4 8.Ne2 
Nf6 9.Nxd4 e6 10.Bb3 Nxe4 11.c3 Bb7 12.O-O Be7 13.d3 Nc5 14.Bc2 d5 15.b4 
Nd7 16.a4 bxa4 17.Bxa4 Qc7 18.Qg4 g5 19.Nxe6 fxe6 20.Re1 Kd8 21.Rxe6 h5 
22.Qd4 Rg8 23.h4 Nf8 24.Re5 Qd6 25.Rxg5 Bf6 26.Bf4 Rxg5 27.Bxd6 Bxd4 28.
hxg5 Bxc3 29.Rc1 Rc8 30.Bxf8 d4 31.g6 Bd5 32.Bc5 a5 33.Bb6+ Ke7 34.bxa5 
Rg8 35.f3 Rxg6 36.Kf2 Kd6 37.Rh1 Re6 38.Rxh5 Be1+ 39.Kg1 Bg3 40.Rxd5+ Ke7 
41.Rd7+ Kf6 42.Bxd4+ Kf5 43.Rf7+ Kg5 44.Rg7+ Kh4 45.Rg4+ Kh5 46.Rxg3 1-0

[Event "44th Pan-American U20"]
[Site "Cochabamba BOL"]
[Date "2019.08.03"]
[Round "5.8"]
[White "Torrico, Alexis"]
[Black "Acosta, Pablo Ismael"]
[Result "0-1"]
[WhiteElo "1847"]
[BlackElo "2440"]
[EventDate "2019.08.01"]
[PlyCount "100"]

1.d4 Nf6 2.c4 e6 3.Nf3 Bb4+ 4.Nbd2 O-O 5.a3 Bxd2+ 6.Bxd2 b6 7.e3 Bb7 8.Bd3
Ne4 9.O-O f5 10.Be1 Rf6 11.Nd2 Rg6 12.f3 Qg5 13.Qe2 Nf6 14.Bg3 d6 15.Bf4 
Qh5 16.e4 Nc6 17.Qf2 Nxd4 18.Qxd4 e5 19.Bxe5 dxe5 20.Qc3 Rh6 21.h3 Qg5 22.
Kh1 Nh5 23.Rf2 Ng3+ 24.Kh2 Qe3 25.Kg1 Rd6 26.Bf1 f4 27.c5 Qxc5 28.Qxc5 
bxc5 29.Nc4 Rd4 30.Nxe5 Re8 31.Nd3 Ba6 32.Nxc5 Bxf1 33.Raxf1 Nxf1 34.Rxf1 
Kf7 35.b4 Rd2 36.Rf2 Red8 37.e5 Rxf2 38.Kxf2 Rd2+ 39.Kf1 Ke7 40.h4 Rc2 41.
Nd3 Ke6 42.Ke1 Kf5 43.e6 Kxe6 44.Nxf4+ Ke5 45.Kd1 Ra2 46.Nd3+ Kd4 47.Nf4 
c6 48.Ne6+ Kd3 49.Nc5+ Ke3 50.a4 Rxg2 0-1

[Event "44th Pan-American U20"]
[Site "Cochabamba BOL"]
[Date "2019.08.03"]
[Round "5.9"]
[White "Tello Chavez, Isaac Valent"]
[Black "Vera, Pavel"]
[Result "1/2-1/2"]
[WhiteElo "2271"]
[BlackElo "2173"]
[EventDate "2019.08.01"]
[PlyCount "96"]

1.d4 Nf6 2.Bg5 c5 3.Bxf6 gxf6 4.d5 Qb6 5.Qc1 f5 6.g3 Bh6 7.e3 d6 8.Bg2 e5 
9.Ne2 Nd7 10.O-O Bg7 11.c4 e4 12.Nbc3 Ne5 13.Qc2 Bd7 14.b3 O-O-O 15.Rab1 
h5 16.h4 Bf6 17.Na4 Qa6 18.Nec3 Rdg8 19.b4 cxb4 20.Rxb4 Nd3 21.Rfb1 Nxb4 
22.Rxb4 b6 23.Nb5 Be5 24.Qb3 Bxb5 25.Rxb5 Kd8 26.c5 dxc5 27.d6 Bxd6 28.Bf1
Qc8 29.Qxf7 Qd7 30.Qf6+ Qe7 31.Qxf5 Qe5 32.Bh3 Rxg3+ 33.Kf1 Qxf5 34.Bxf5 
Rg7 35.Nc3 Rf8 36.Bxe4 Bg3 37.Rb2 Bxh4 38.Nd5 c4 39.Nf4 c3 40.Rc2 Rxf4 41.
exf4 Bf6 42.Rc1 Rd7 43.Rc2 h4 44.Kg2 Rg7+ 45.Kf3 Rg1 46.Bf5 b5 47.Re2 b4 
48.Re6 Be7 1/2-1/2

[Event "44th Pan-American U20"]
[Site "Cochabamba BOL"]
[Date "2019.08.03"]
[Round "5.10"]
[White "Flores Quillas, Diego Saul Rodri"]
[Black "Delgado Romero, Marco"]
[Result "0-1"]
[WhiteElo "2163"]
[BlackElo "2236"]
[EventDate "2019.08.01"]
[PlyCount "66"]

1.e4 c5 2.Nf3 g6 3.d4 cxd4 4.Qxd4 Nf6 5.Nc3 Nc6 6.Qa4 d6 7.e5 dxe5 8.Nxe5 
Bd7 9.Nxd7 Nxd7 10.Be3 Nb6 11.Qh4 Bg7 12.Bb5 O-O 13.Rd1 Qc7 14.O-O a6 15.
Bxc6 Qxc6 16.Qxe7 Nc4 17.Nd5 Nxb2 18.Rd4 Rae8 19.Qb4 Bxd4 20.Qxd4 f5 21.
Nb4 Qf6 22.Qxf6 Rxf6 23.Bd4 Rd6 24.Bxb2 a5 25.Nd3 Re2 26.Ba3 Rc6 27.Nc1 
Rc4 28.Bb2 b5 29.g3 Ree4 30.Nd3 Rxc2 31.Rc1 Ree2 32.Rxc2 Rxc2 33.Kf1 Rd2 
0-1

[Event "44th Pan-American U20"]
[Site "Cochabamba BOL"]
[Date "2019.08.03"]
[Round "5.11"]
[White "Donoso Diaz, Sebastian"]
[Black "Davila Blanco, Juan Jose"]
[Result "1-0"]
[WhiteElo "2309"]
[BlackElo "2052"]
[EventDate "2019.08.01"]
[PlyCount "65"]

1.c4 Nf6 2.Nc3 c5 3.Nf3 b6 4.e3 Bb7 5.d4 cxd4 6.exd4 g6 7.d5 d6 8.Be2 Bg7 
9.O-O Nbd7 10.Re1 O-O 11.Bg5 h6 12.Bh4 Rc8 13.Rc1 Ng4 14.Nd4 Nge5 15.f4 
Nxc4 16.Nc6 Nxb2 17.Qb3 Bxc6 18.dxc6 Rxc6 19.Bb5 Rc7 20.Bf2 Rc8 21.Qxb2 e6
22.Bxd7 Qxd7 23.Qb5 Qb7 24.Qb4 d5 25.Nb5 Rxc1 26.Rxc1 Rc8 27.Qb2 Rxc1+ 28.
Qxc1 Qd7 29.a4 a6 30.Qc7 Qxc7 31.Nxc7 b5 32.Nxb5 axb5 33.axb5 1-0

[Event "44th Pan-American U20"]
[Site "Cochabamba BOL"]
[Date "2019.08.03"]
[Round "5.12"]
[White "Pinto, Daniel"]
[Black "Caballero Quijano, Mitzy Mishell"]
[Result "1/2-1/2"]
[WhiteElo "2257"]
[BlackElo "2059"]
[EventDate "2019.08.01"]
[PlyCount "74"]

1.Nf3 d5 2.g3 Nf6 3.Bg2 c5 4.O-O Nc6 5.b3 g6 6.c4 d4 7.e3 Bg7 8.exd4 cxd4 
9.d3 O-O 10.Re1 Nd7 11.Na3 Re8 12.Rb1 a5 13.Nb5 Nc5 14.a3 Bf5 15.Bf1 e5 
16.Ng5 Qd7 17.f3 h6 18.Ne4 Nxe4 19.fxe4 Be6 20.Bg2 Na7 21.a4 Nc6 22.Rb2 
Nb4 23.Rf2 b6 24.Ref1 Na6 25.h3 Nc5 26.Kh2 Rf8 27.g4 g5 28.Na3 f6 29.Nb1 
Rf7 30.Ba3 Qc6 31.Bxc5 bxc5 32.Na3 Qd7 33.Qd2 Bh8 34.Bf3 h5 35.Kg3 h4+ 36.
Kg2 Bg7 37.Bd1 Rff8 1/2-1/2

[Event "44th Pan-American U20"]
[Site "Cochabamba BOL"]
[Date "2019.08.03"]
[Round "5.13"]
[White "Rengifo Blancas, Renzo Jhonathan"]
[Black "Guerrero Cataldo, Juan Andres"]
[Result "1-0"]
[WhiteElo "2194"]
[BlackElo "2035"]
[EventDate "2019.08.01"]
[PlyCount "75"]

1.e4 c5 2.Nf3 Nc6 3.c3 Nf6 4.e5 Nd5 5.d4 cxd4 6.cxd4 g6 7.Qb3 e6 8.Nc3 
Nxc3 9.bxc3 d6 10.exd6 Bxd6 11.Bh6 Bd7 12.Bd3 Qa5 13.O-O Qh5 14.Bg7 Rg8 
15.Bf6 Na5 16.Qd1 Bc6 17.Ne5 Qxd1 18.Rfxd1 Ba4 19.Re1 Rc8 20.d5 Rxc3 21.
Rac1 Rxc1 22.Rxc1 Bxe5 23.Bxe5 Bd7 24.Rc5 b6 25.Rc7 exd5 26.Bf6 Nc4 27.
Rxa7 Bc8 28.Rc7 Bd7 29.Ra7 Bc8 30.a4 h5 31.h4 Nd6 32.Re7+ Kd8 33.Rxf7+ Ke8
34.Re7+ Kf8 35.Rc7 Ke8 36.Bb5+ Kf8 37.Be7+ Kg7 38.Bxd6+ 1-0

[Event "44th Pan-American U20"]
[Site "Cochabamba BOL"]
[Date "2019.08.03"]
[Round "5.14"]
[White "Titichoca Daza, Daniel"]
[Black "Tapia Espada, Antonio Enrique"]
[Result "1-0"]
[WhiteElo "2143"]
[BlackElo "1506"]
[EventDate "2019.08.01"]
[PlyCount "32"]

1.e4 e5 2.Nf3 Nc6 3.Bc4 Nf6 4.d3 Be7 5.c3 d6 6.Bb3 Na5 7.Bc2 c5 8.Nbd2 Nc6
9.Nf1 Be6 10.h3 b5 11.Ng5 d5 12.Nxe6 fxe6 13.Qe2 d4 14.Bb3 Qa5 15.Bd2 dxc3
16.bxc3 b4 1-0

[Event "44th Pan-American U20"]
[Site "Cochabamba BOL"]
[Date "2019.08.03"]
[Round "5.15"]
[White "Montevilla Cahuasa, Jonathan I"]
[Black "Benitez Galeano, Alejandro"]
[Result "0-1"]
[WhiteElo "1231"]
[BlackElo "2111"]
[EventDate "2019.08.01"]
[PlyCount "74"]

1.d4 Nf6 2.Nf3 g6 3.c4 Bg7 4.Nc3 O-O 5.e4 d6 6.g3 e5 7.Bg2 exd4 8.Nxd4 Re8
9.O-O Nbd7 10.Rb1 a5 11.Re1 c6 12.Bf4 Ne5 13.b3 Nfd7 14.Qd2 Nc5 15.Re3 g5 
16.Bxe5 dxe5 17.Nf3 Qf6 18.Rd1 g4 19.Ne1 Bh6 20.Qe2 Bxe3 21.Qxe3 Ne6 22.
Nc2 Rd8 23.Qe2 Nd4 24.Nxd4 Rxd4 25.c5 Be6 26.Rxd4 exd4 27.Na4 Qg5 28.Qd3 
Rd8 29.Bf1 Kg7 30.Kg2 f5 31.e5 f4 32.gxf4 Qxf4 33.Qg3 Bd5+ 34.Kg1 Qe4 35.
Bg2 Qxg2+ 36.Qxg2 Bxg2 37.Kxg2 d3 0-1

[Event "44th Pan-American U20"]
[Site "Cochabamba BOL"]
[Date "2019.08.03"]
[Round "5.16"]
[White "Ticona Rocabado, Licael Roderick"]
[Black "Aguilar, Luis Miguel"]
[Result "0-1"]
[WhiteElo "1693"]
[BlackElo "2204"]
[EventDate "2019.08.01"]
[PlyCount "38"]

1.d4 g6 2.Nf3 Bg7 3.e3 c5 4.Be2 Nf6 5.O-O cxd4 6.exd4 O-O 7.c3 d6 8.Bf4 h6
9.h3 b6 10.Nbd2 Bb7 11.Re1 Nbd7 12.Qc2 Qc7 13.Rac1 Rac8 14.Bh2 e5 15.dxe5 
dxe5 16.Bd3 Qc6 17.Ne4 Nd5 18.Ned2 f5 19.Qb3 Nc5 0-1

[Event "44th Pan-American U20"]
[Site "Cochabamba BOL"]
[Date "2019.08.03"]
[Round "5.17"]
[White "Mendoza Criollo, Carlos David"]
[Black "Ccerhuayo Escobedo, Mels Leopold"]
[Result "1-0"]
[WhiteElo "2103"]
[BlackElo "1820"]
[EventDate "2019.08.01"]
[PlyCount "86"]

1.d4 Nf6 2.c4 e6 3.Nc3 Bb4 4.Qc2 O-O 5.a3 Bxc3+ 6.Qxc3 d5 7.e3 dxc4 8.Bxc4
b6 9.Ne2 Bb7 10.O-O Nbd7 11.b4 Rc8 12.Bb2 Qe7 13.Ng3 c5 14.Rac1 cxb4 15.
Qxb4 Rfe8 16.Bd3 Qf8 17.Rfd1 Rxc1 18.Rxc1 Rc8 19.Qa4 Rxc1+ 20.Bxc1 Qc8 21.
Bd2 Qc6 22.Qxc6 Bxc6 23.f3 a5 24.e4 Ne8 25.Ne2 Nd6 26.Nc3 e5 27.d5 Bb7 28.
Na4 f5 29.Be3 fxe4 30.fxe4 b5 31.Nc5 Bc8 32.Nxd7 Bxd7 33.Bb6 Nb7 34.Bc7 
Nc5 35.Bb1 b4 36.axb4 axb4 37.Bxe5 b3 38.Bd4 Nb7 39.e5 Be8 40.Kf2 Na5 41.
Bd3 Bf7 42.d6 Bg6 43.Bxg6 hxg6 1-0

[Event "44th Pan-American U20"]
[Site "Cochabamba BOL"]
[Date "2019.08.03"]
[Round "5.18"]
[White "Barja Viveros, Matias Ariel"]
[Black "Medrano, Sebastian"]
[Result "0-1"]
[WhiteElo "1544"]
[BlackElo "2086"]
[EventDate "2019.08.01"]
[PlyCount "77"]

1.d4 Nf6 2.Nf3 e6 3.Bg5 b6 4.e4 h6 5.Bxf6 Qxf6 6.Bd3 Bb7 7.Nbd2 g6 8.c3 
Bg7 9.Qe2 Qe7 10.O-O-O d6 11.Rhe1 Nd7 12.d5 O-O-O 13.Bb5 exd5 14.exd5 Qxe2
15.Rxe2 Bxd5 16.Nd4 Bxd4 17.cxd4 Rde8 18.Rde1 Kd8 19.f3 Rxe2 20.Rxe2 Re8 
21.Ne4 Re6 22.Nc3 Rxe2 23.Bxe2 Bb7 24.Bc4 Ke7 25.Nd5+ Bxd5 26.Bxd5 c5 27.
Kd2 g5 28.Kd3 Nf6 29.Bc6 d5 30.Ba4 Kd6 31.Bc2 Ne8 32.a3 Nc7 33.dxc5+ bxc5 
34.b4 c4+ 35.Ke3 Ke5 36.a4 d4+ 37.Kd2 d3 38.Bxd3 cxd3 39.Kxd3 0-1

[Event "44th Pan-American U20"]
[Site "Cochabamba BOL"]
[Date "2019.08.03"]
[Round "5.19"]
[White "Araujo Miranda, Styven Sandro"]
[Black "Mollo, Jhoan"]
[Result "0-1"]
[WhiteElo "1347"]
[BlackElo "2023"]
[EventDate "2019.08.01"]
[PlyCount "56"]

1.c4 c6 2.d4 d5 3.c5 Nf6 4.Nf3 g6 5.b4 Bg7 6.Bb2 O-O 7.e3 Bg4 8.Be2 Nbd7 
9.Nbd2 Re8 10.O-O Qc7 11.Qc2 Bf5 12.Bd3 Bxd3 13.Qxd3 Nh5 14.Rfe1 e5 15.
dxe5 Nxe5 16.Bxe5 Bxe5 17.Nxe5 Qxe5 18.Qd4 Qe7 19.g4 Ng7 20.Qf4 Ne6 21.Qg3
Ng5 22.f3 a5 23.h4 Ne6 24.a3 Qf6 25.Nb3 axb4 26.axb4 Rxa1 27.Rxa1 Qb2 28.
Qe1 Qxb3 0-1

[Event "44th Pan-American U20"]
[Site "Cochabamba BOL"]
[Date "2019.08.03"]
[Round "5.20"]
[White "Huanca, Edson"]
[Black "Santiago Vilca, Lito Gustavo"]
[Result "1-0"]
[WhiteElo "1948"]
[BlackElo "1818"]
[EventDate "2019.08.01"]
[PlyCount "63"]

1.e4 c5 2.Nc3 e6 3.Nge2 Nc6 4.g3 a6 5.Bg2 g6 6.O-O Bg7 7.d3 Nge7 8.Be3 d6 
9.Qd2 O-O 10.Bh6 b5 11.Bxg7 Kxg7 12.f4 Bb7 13.g4 f5 14.h3 b4 15.Nd1 d5 16.
exf5 exf5 17.Ne3 Rc8 18.Ng3 Nd4 19.Kh2 Rc7 20.Rf2 Bc8 21.Rg1 Ndc6 22.Qd1 
d4 23.Nc4 fxg4 24.hxg4 Nd5 25.Bxd5 Qxd5 26.Ne4 Qd8 27.g5 Rcf7 28.Rgf1 Qd7 
29.Qf3 Rxf4 30.Qxf4 Qh3+ 31.Kg1 Rxf4 32.Rxf4 1-0

[Event "44th Pan-American U20"]
[Site "Cochabamba BOL"]
[Date "2019.08.03"]
[Round "5.21"]
[White "Zambrana Estrada, Breyner Andre"]
[Black "Cari, Nicolas"]
[Result "0-1"]
[WhiteElo "1426"]
[BlackElo "1788"]
[EventDate "2019.08.01"]
[PlyCount "41"]

1.d4 Nf6 2.c4 e5 3.e3 Bb4+ 4.Nd2 exd4 5.exd4 O-O 6.Nf3 Re8+ 7.Be2 Qe7 8.a3
Bxd2+ 9.Bxd2 d5 10.Ne5 c5 11.Be3 cxd4 12.Qxd4 Qxe5 13.Qxe5 Rxe5 14.Bf4 Re4
15.Bg3 Nc6 16.f3 Re7 17.Kf2 d4 18.Bd6 Rd7 19.c5 a5 20.Bd3 Ne8 21.Bf5 0-1

[Event "44th Pan-American U20"]
[Site "Cochabamba BOL"]
[Date "2019.08.03"]
[Round "5.22"]
[White "Inaicheo Santana, Edward"]
[Black "Araujo, Amilcar"]
[Result "1-0"]
[WhiteElo "1635"]
[BlackElo "1530"]
[EventDate "2019.08.01"]
[PlyCount "52"]

1.d4 Nf6 2.Nf3 g6 3.Bf4 Bg7 4.e3 d6 5.Be2 Bg4 6.h3 Bxf3 7.Bxf3 c6 8.O-O 
Nbd7 9.Bh2 O-O 10.c4 e5 11.dxe5 dxe5 12.Be2 Ne8 13.Nc3 Qe7 14.Qb3 Rd8 15.
Rfd1 f5 16.Rd2 Bh6 17.Bf1 f4 18.exf4 Bxf4 19.Bxf4 Rxf4 20.Re2 Qg5 21.Ne4 
Rxe4 22.Rxe4 Nef6 23.Re3 Rf8 24.Rae1 Qf4 25.c5+ Kh8 26.g3 Qf5 1-0

[Event "44th Pan-American U20"]
[Site "Cochabamba BOL"]
[Date "2019.08.03"]
[Round "5.23"]
[White "Villazon Zeballos, Manuel"]
[Black "Janco Fernandez, Marcelo Ruben"]
[Result "1-0"]
[WhiteElo "1378"]
[BlackElo "1095"]
[EventDate "2019.08.01"]
[PlyCount "38"]

1.d4 f5 2.Nf3 Nf6 3.e3 d5 4.Bd3 e6 5.Nbd2 Bd6 6.b3 O-O 7.O-O Nc6 8.c4 Ne4 
9.Bb2 Nb4 10.Bb1 dxc4 11.Nxc4 Bd7 12.a3 Nd5 13.Bxe4 fxe4 14.Nfe5 Bxe5 15.
Nxe5 Nf6 16.Qc2 Bb5 17.Rfd1 Ba6 18.Rac1 Re8 19.a4 Nd5 1-0

[Event "44th Pan-American U20"]
[Site "Cochabamba BOL"]
[Date "2019.08.03"]
[Round "5.24"]
[White "Zubieta Echalar, Eduardo"]
[Black "Montevilla C., Elias Alejandro"]
[Result "0-1"]
[WhiteElo "1329"]
[BlackElo "1326"]
[EventDate "2019.08.01"]
[PlyCount "53"]

1.e4 d6 2.d4 Nf6 3.Nc3 g6 4.f4 Bg7 5.Bd3 O-O 6.Nf3 Bg4 7.O-O c5 8.d5 a6 9.
a4 Nbd7 10.h3 Bxf3 11.Qxf3 Qc7 12.Bd2 c4 13.Be2 Rab8 14.a5 Qc5+ 15.Kh1 Ne8
16.Na4 Qc8 17.Bc3 Bxc3 18.Qxc3 Ndf6 19.Qd4 Qc7 20.Nc3 Rc8 21.Bg4 Nxg4 22.
hxg4 f5 23.exf5 gxf5 24.gxf5 Rxf5 25.g4 Rf8 26.g5 Qd8 27.Rf2 0-1

[Event "44th Pan-American U20"]
[Site "Cochabamba BOL"]
[Date "2019.08.03"]
[Round "5.25"]
[White "Teran Medina, Marcelo"]
[Black "Moreno, Alejandro"]
[Result "1/2-1/2"]
[WhiteElo "1506"]
[BlackElo "1477"]
[EventDate "2019.08.01"]
[PlyCount "63"]

1.e4 e5 2.Bc4 Nf6 3.Nc3 Bc5 4.Nf3 d6 5.O-O O-O 6.d3 h6 7.Be3 Bb6 8.Bxb6 
axb6 9.d4 Nbd7 10.Re1 Re8 11.Bf1 c6 12.Qd2 exd4 13.Qxd4 Nc5 14.e5 dxe5 15.
Qxd8 Rxd8 16.Nxe5 Bf5 17.Nc4 b5 18.Ne3 Bg6 19.a3 Rd2 20.Re2 Rad8 21.Rd1 
Rxd1 22.Nexd1 Nce4 23.f3 Nc5 24.Nf2 Ne6 25.Nce4 Nxe4 26.Nxe4 Rd1 27.c3 Ng5
28.Rd2 Rxd2 29.Nxd2 Ne6 30.Kf2 Nc5 31.Ke3 Na4 32.c4 1/2-1/2

[Event "44th Pan-American U20"]
[Site "Cochabamba BOL"]
[Date "2019.08.04"]
[Round "6.1"]
[White "Wang, Annie"]
[Black "Varacalli, Francisco"]
[Result "1/2-1/2"]
[WhiteElo "2321"]
[BlackElo "2306"]
[EventDate "2019.08.01"]
[PlyCount "58"]

1.d4 Nf6 2.c4 g6 3.Nc3 Bg7 4.e4 d6 5.Be2 O-O 6.Be3 a6 7.Nf3 c6 8.a4 a5 9.
O-O Na6 10.h3 e5 11.Qd2 exd4 12.Nxd4 Nc5 13.f3 Qe7 14.Rad1 Ne8 15.Rfe1 Bf6
16.Bh6 Bg7 17.Bf1 Bxh6 18.Qxh6 Qf6 19.f4 Qg7 20.Qh4 f6 21.Nf3 Ne6 22.Qg3 
Bd7 23.Bd3 Rb8 24.Bc2 Bc8 25.Ne2 Nc5 26.Nfd4 Nc7 27.Qf2 N7e6 28.Nxe6 Nxe6 
29.Qg3 Re8 1/2-1/2

[Event "44th Pan-American U20"]
[Site "Cochabamba BOL"]
[Date "2019.08.04"]
[Round "6.2"]
[White "Munoz, Francisco Javier"]
[Black "Coro, Lucas"]
[Result "1/2-1/2"]
[WhiteElo "2282"]
[BlackElo "2320"]
[EventDate "2019.08.01"]
[PlyCount "35"]

1.e4 c5 2.c3 d5 3.exd5 Qxd5 4.d4 Nf6 5.Nf3 e6 6.Na3 Nc6 7.Be3 cxd4 8.Nb5 
Qd8 9.Nbxd4 Nd5 10.Bg5 f6 11.Nxc6 bxc6 12.Bd2 e5 13.Qc2 g6 14.Bd3 Bg7 15.
c4 Ne7 16.Bc3 Qc7 17.O-O-O Be6 18.Rhe1 1/2-1/2

[Event "44th Pan-American U20"]
[Site "Cochabamba BOL"]
[Date "2019.08.04"]
[Round "6.3"]
[White "Asaria, Danial"]
[Black "Lu, Maximillian"]
[Result "1/2-1/2"]
[WhiteElo "2305"]
[BlackElo "2283"]
[EventDate "2019.08.01"]
[PlyCount "68"]

1.d4 Nf6 2.c4 g6 3.f3 Nc6 4.d5 Ne5 5.e4 e6 6.Nc3 Bc5 7.Bf4 d6 8.Qd2 Bd7 9.
O-O-O Nh5 10.Bg5 Qb8 11.Be2 a6 12.g4 h6 13.Be3 Bxe3 14.Qxe3 Nf6 15.h3 g5 
16.f4 gxf4 17.Qxf4 Qd8 18.dxe6 Bxe6 19.c5 Nfd7 20.cxd6 cxd6 21.Kb1 Qg5 22.
Qf2 Qg6 23.Nf3 Nxf3 24.Bxf3 Qf6 25.Qe2 Ne5 26.Bg2 Rc8 27.Nd5 Bxd5 28.exd5 
Kd7 29.Rhf1 Qg7 30.Rf5 Rc5 31.Qf2 Rhc8 32.Be4 Nc4 33.Bd3 Ne5 34.Be4 Rf8 
1/2-1/2

[Event "44th Pan-American U20"]
[Site "Cochabamba BOL"]
[Date "2019.08.04"]
[Round "6.4"]
[White "Acosta, Pablo Ismael"]
[Black "Huang, Andy"]
[Result "1-0"]
[WhiteElo "2440"]
[BlackElo "2263"]
[EventDate "2019.08.01"]
[PlyCount "70"]

1.c4 c6 2.g3 d5 3.Bg2 Nf6 4.Nf3 Bg4 5.cxd5 Bxf3 6.Bxf3 cxd5 7.O-O Nc6 8.
Nc3 e6 9.d3 Be7 10.e4 d4 11.Ne2 O-O 12.Qb3 Nd7 13.Bg2 Nc5 14.Qd1 Qb6 15.f4
f5 16.exf5 exf5 17.a3 Bf6 18.Rb1 Rfd8 19.b4 Qb5 20.Qc2 Na4 21.Bd2 Rac8 22.
Qb3+ Kh8 23.Rfc1 Re8 24.Bf1 Ne7 25.Rxc8 Rxc8 26.Rc1 Rxc1 27.Nxc1 Nc3 28.
Bg2 a5 29.bxa5 Qxa5 30.Bxb7 h6 31.Kg2 Qc7 32.Bf3 Kh7 33.Qc4 Qa5 34.Qb3 Qa6
35.Bb7 Qa7 1-0

[Event "44th Pan-American U20"]
[Site "Cochabamba BOL"]
[Date "2019.08.04"]
[Round "6.5"]
[White "Cardoso Cardoso, Jose Gabriel"]
[Black "Vivas Zamora, Fabian Ernesto"]
[Result "1-0"]
[WhiteElo "2373"]
[BlackElo "2348"]
[EventDate "2019.08.01"]
[PlyCount "61"]

1.d4 Nf6 2.c4 g6 3.Nc3 d5 4.cxd5 Nxd5 5.e4 Nxc3 6.bxc3 Bg7 7.Nf3 c5 8.Be3 
Qa5 9.Nd2 cxd4 10.Nc4 dxe3 11.Nxa5 Bxc3+ 12.Ke2 Bxa5 13.Kxe3 O-O 14.Bb5 a6
15.Ba4 b5 16.Qd5 Ra7 17.Bb3 Rd7 18.Qc5 Rd6 19.Qa3 Bd2+ 20.Ke2 b4 21.Qa5 
Nc6 22.Qc5 Nd4+ 23.Kf1 Bc3 24.Rb1 a5 25.h3 Ba6+ 26.Kg1 Ne2+ 27.Kh2 Bd4 28.
Qxa5 Bxf2 29.Rhd1 Bd3 30.e5 Ra6 31.Qxb4 1-0